000 00586nam a22001695i 4500
001 169739
003 ES-MaACL
005 20230906214200.0
008 081118s1867 sp |||| | spa d
080 _a75 Manzano, Víctor
111 2 _aExposición Manzano.
_9138927
245 1 0 _aExposición Manzano :
_bmemoria que presenta la comisión encargada de ella a los compañeros y amigos del difunto pintor Manzano.
260 _aMadrid :
_b[s.n.],
_c1867 (
_fImp. de Manuel Galiano)
300 _a12 p. ;
_c26 cm.
600 1 4 _aManzano, Víctor.
_976223
852 4 _aES-MaACL
_jT-97-F-13
999 _c169739
_d169739